Canteranos destacados del FC Barcelona jovenes - Estadísticas

Estadísticas generales
  • Esta prueba ha sido intentada 90 veces
    70 desde el último reinicio
  • La puntuación promedio es 5 de 16
Estadísticas de respuestas
Año de Nacimiento Jugador % Correcto
2007 Lamine Yamal
96%
2004 Gavi
79%
2007 Pau Cubarsí
70%
2003 Marc Casadó
58%
2007 Marc Bernal
56%
2006 Héctor Fort
44%
2003 Fermin Lopez
39%
2003 Alejandro Balde
35%
2001 Eric García
18%
1999 Ronald Araujo
14%
2009 Byron Mendoza
2%
2014 David Quintela
2%
2012 Fode Diallo
2%
2008 Pol Bernabeu
2%
2012 Yibrahan Garcia
2%
2007 Shane Patrick Kluivert
0%
No se encontraron pruebas coincidentes
Distribución de puntuación
Porcentaje de gente con cada puntuación
Porcentaje por número respondido
Historial de tus puntuaciones
No has intentado esta prueba desde el último reinicio